| 000 | 00530nam a2200193 a 4500 | ||
|---|---|---|---|
| 005 | 20220804082316.0 | ||
| 008 | 991125s1993 mx 000 0 spa u | ||
| 020 | _a9683909736 | ||
| 035 | _aUPN01000005169 | ||
| 049 | _aF | ||
| 050 | 4 |
_aPR6005 04 _bU58 |
|
| 100 | 1 |
_aConrad, Joseph, _d1857-1924 |
|
| 245 | 1 | 4 |
_aUna avanzada del progreso / _cJoseph Conrad ; tr. Javier Alfaya. |
| 260 |
_aMéxico : _bALIANZA : _aCNCA, _cc1993. |
||
| 300 | _a63 p. | ||
| 440 | 0 | _aAlianza cien | |
| 650 | 0 |
_aCuentos ingleses _913122 |
|
| 905 | _aLibro | ||
| 999 |
_c5169 _d5169 |
||